Vývoj a perspektívy priamych zahraničných investícií na Slovensku

Analýza vývoja a pôsobenia PZI v SR za posledných 10 rokov. Pozornosť je venovaná ich vplyvu na národné hospodárstvo ako celok, tak aj na jednotlivé regióny Slovenska. PZI spôsobujú v hostiteľskej krajine okrem iného aj to, že zvyšujú export, podporujú kvalifikačný rast pracovníkov, vznikajú nové pr...

Full description

Saved in:
Bibliographic Details
Main Author: Andrejčíková, Mária
Format: Book Chapter
Language:Slovak
Subjects:
Tags: Add Tag
No Tags, Be the first to tag this record!

MARC

LEADER 00000naa$a2200000$$$4500
001 0177340
005 20240502073023.8
041 0 |a slo 
044 |a SK 
245 1 0 |a Vývoj a perspektívy priamych zahraničných investícií na Slovensku  |c Mária Andrejčíková 
520 |a Analýza vývoja a pôsobenia PZI v SR za posledných 10 rokov. Pozornosť je venovaná ich vplyvu na národné hospodárstvo ako celok, tak aj na jednotlivé regióny Slovenska. PZI spôsobujú v hostiteľskej krajine okrem iného aj to, že zvyšujú export, podporujú kvalifikačný rast pracovníkov, vznikajú nové pracovné miesta, v regiónoch klesá miera nezamestnanosti. 
610 2 0 |a investície priame zahraničné 
610 2 0 |a stimuly ekonomické 
610 2 0 |a hospodárstvo národné 
610 2 0 |a rozvoj regionálny 
610 2 0 |a inovácia 
610 2 0 |a konkurencieschopnosť 
100 1 |a Andrejčíková, Mária